[Event "13th Parsvnath Open"]
[Site "New Delhi IND"]
[Date "2015.01.12"]
[Round "5.55"]
[White "Mirzaad, S.wahabuddin"]
[Black "Harsha, Bharathakoti"]
[Result "0-1"]
[WhiteElo "2065"]
[BlackElo "2309"]
[WhiteFideId "11700785"]
[BlackFideId "5078776"]
[EventDate "2015.01.09"]

1. d4 d5 2. c4 c6 3. Nc3 Nf6 4. Nf3 e6 5. Bg5 Nbd7 6. e3 Qa5 7. Bxf6 Nxf6 8. Nd2
Bd6 9. a3 Qd8 10. c5 Be7 11. Bd3 e5 12. dxe5 Ng4 13. Nf3 Qc7 14. b4 Nxe5 15. O-O
Bf6 16. Nd4 Ng4 17. g3 h5 18. Be2 Qe5 19. Kg2 Nxh2 20. Kxh2 h4 21. Rh1 hxg3+ 22.
Kg2 Rxh1 23. Qxh1 gxf2 24. Kxf2 Bg5 25. Nd1 Bh6 26. Rc1 Bd7 27. Qh4 Kf8 28. Qg3
Qf6+ 29. Bf3 Kg8 30. Rc2 Re8 31. Re2 Re5 32. Kf1 b6 33. Ke1 Bg5 34. Kf1 Qe7 35.
cxb6 axb6 36. Bg2 Bh4 37. Qh2 Be8 38. Kg1 Bf6 39. Nf3 Re4 40. Qg3 d4 41. Ne1 Re6
42. Bh3 Bh4 43. Qf4 Re4 44. Qf5 dxe3 45. Nf3 Bf6 46. Bg2 Bd7 47. Qxe4 Qxe4 48.
Rxe3 Bd4 49. Nxd4 Qxd4 50. Bf3 Bg4 51. Kf2 0-1

[Event "13th Parsvnath Open"]
[Site "New Delhi IND"]
[Date "2015.01.12"]
[Round "5.56"]
[White "Prajesh, R"]
[Black "Mehar, Chinna Reddy C.H."]
[Result "1/2-1/2"]
[WhiteElo "2058"]
[BlackElo "2281"]
[WhiteFideId "25044753"]
[BlackFideId "5027420"]
[EventDate "2015.01.09"]

1. d4 d5 2. Nf3 Nf6 3. e3 Bg4 4. c4 c6 5. Qb3 Qb6 6. Nc3 e6 7. Nh4 Bh5 8. h3 Na6
9. g4 Qxb3 10. axb3 Nb4 11. Ra4 Bg6 12. Nxg6 hxg6 13. c5 a5 14. Bg2 Nd7 15. Ke2
b6 16. cxb6 Nxb6 17. Ra1 c5 18. dxc5 Bxc5 19. Na4 Nxa4 20. Rxa4 Kd7 21. Bd2 Rhb8
22. Rha1 Rb5 23. Bc3 Nc6 24. Bxg7 Rxb3 25. Rf4 f5 26. gxf5 gxf5 27. Rh4 Kd6 28.
Bf6 Rg8 29. Kf1 Rg6 30. Bh8 Rb8 31. Rd1 Rbg8 32. Bf3 Rg1+ 33. Ke2 Rxd1 34. Kxd1
Rg1+ 35. Ke2 Bb4 36. Bh5 e5 37. Be8 e4 38. f4 exf3+ 39. Kxf3 Ne5+ 40. Kf2 Be1+
41. Kxg1 Bxh4 42. Ba4 Nc4 43. Bd4 Ke6 44. b3 Nd6 45. Bb6 Be1 46. Kf1 Bb4 47. h4
f4 48. exf4 Kf5 49. Bc6 Kxf4 50. Bxd5 Nf5 51. Bf2 Ne3+ 52. Bxe3+ Kxe3 53. Kg2
Kf4 54. Kh3 Be7 55. Bf7 Bd8 56. h5 Kg5 57. Kg3 Be7 58. Kf3 Kh6 59. Ke4 Bb4 1/2-1/2

[Event "13th Parsvnath Open"]
[Site "New Delhi IND"]
[Date "2015.01.12"]
[Round "5.57"]
[White "Safranska, Anda"]
[Black "Tiwari, Ashwani"]
[Result "1/2-1/2"]
[WhiteTitle "WGM"]
[BlackTitle "FM"]
[WhiteElo "2261"]
[BlackElo "2037"]
[WhiteFideId "11600209"]
[BlackFideId "5006961"]
[EventDate "2015.01.09"]

1. Nf3 f5 2. d3 Nc6 3. e4 e5 4. exf5 Nf6 5. d4 exd4 6. Nxd4 Nxd4 7. Qxd4 d5 8.
Be2 Bd6 9. g4 c5 10. Qe3+ Kf7 11. Qf3 Bd7 12. g5 Ne4 13. Nc3 Nxc3 14. bxc3 Bc6
15. O-O Qc7 16. Qh3 Rae8 17. Bh5+ g6 18. Bg4 Re4 19. Bf3 h5 20. Bxe4 dxe4 21.
Be3 Bd7 22. fxg6+ Kxg6 23. Qg2 Rf8 24. Qxe4+ Bf5 25. Qg2 Bxc2 26. f4 Bf5 27.
Rad1 Re8 28. Qd5 Re6 29. Rde1 Qe7 30. Bd2 b6 31. Rxe6+ Qxe6 32. Qxe6+ Bxe6 33.
Kf2 h4 34. Kf3 Kf5 35. a3 Bd5+ 36. Ke3 h3 37. Rf3 Bxf3 38. Kxf3 b5 39. Kg3 c4
40. Bc1 Bf8 41. Kxh3 Bg7 42. Bd2 Bf8 43. Kh4 Bxa3 44. Kh5 Bf8 45. Be3 a5 46. g6
a4 47. Bc5 Bg7 48. Bd4 Bf8 49. Bc5 Bg7 50. Bd4 a3 51. Bxg7 a2 52. Be5 a1=Q 53.
g7 Qa8 1/2-1/2

[Event "13th Parsvnath Open"]
[Site "New Delhi IND"]
[Date "2015.01.12"]
[Round "5.58"]
[White "Jayakumaar, S"]
[Black "Lakshmi Narayanan, MV"]
[Result "0-1"]
[WhiteElo "2053"]
[BlackElo "2215"]
[WhiteFideId "5090997"]
[BlackFideId "5040647"]
[EventDate "2015.01.09"]

1. e4 c5 2. Nc3 a6 3. g3 b5 4. Bg2 Bb7 5. a3 e6 6. d3 Nf6 7. Nge2 d5 8. Bg5 d4
9. Nb1 Nbd7 10. O-O h6 11. Bxf6 Nxf6 12. h3 Be7 13. f4 O-O 14. g4 Nd7 15. Ng3 e5
16. f5 c4 17. Nd2 c3 18. bxc3 dxc3 19. Nf3 a5 20. Ne2 b4 21. Rb1 Bc6 22. axb4
axb4 23. Kh2 Ra2 24. Nc1 Ra3 25. Kg3 Qc7 26. h4 Nf6 27. Ne1 Rd8 28. Qe2 Nh7 29.
Nf3 Rb8 30. Rh1 f6 31. Kh3 Bd8 32. d4 exd4 33. Nxd4 Nf8 34. Nd3 Be8 35. Nf3 Bb5
36. Rhd1 b3 37. Nfe1 b2 38. g5 fxg5 39. e5 0-1

[Event "13th Parsvnath Open"]
[Site "New Delhi IND"]
[Date "2015.01.12"]
[Round "5.59"]
[White "Imocha, Laishram"]
[Black "Hemanth, Raam"]
[Result "1-0"]
[WhiteElo "2179"]
[BlackElo "2015"]
[WhiteFideId "5000351"]
[BlackFideId "5084580"]
[EventDate "2015.01.09"]

1. d4 d5 2. Nf3 e6 3. g3 Nf6 4. c4 Be7 5. Bg2 O-O 6. O-O c5 7. cxd5 exd5 8. Nc3
Nc6 9. Bg5 c4 10. Ne5 Be6 11. e3 h6 12. Bxf6 Bxf6 13. Ng4 Be7 14. Qf3 Qc8 15. h3
Rd8 16. Rad1 f6 17. Rfe1 Bb4 18. e4 dxe4 19. Qxe4 Bf5 20. Qf4 h5 21. d5 Ne7 22.
Ne3 Bxh3 23. d6 Nc6 24. Qxc4+ Kf8 25. Qh4 Bxg2 26. Kxg2 Rxd6 27. Rxd6 Bxd6 28.
Qxh5 Ne5 29. Nf5 Nf7 30. Qg6 Qc6+ 31. f3 Ne5 32. Qxg7+ Ke8 33. Nxd6+ Qxd6 34.
Ne4 Qd4 35. Nxf6+ Kd8 36. Rxe5 1-0

[Event "13th Parsvnath Open"]
[Site "New Delhi IND"]
[Date "2015.01.12"]
[Round "5.60"]
[White "Md. Manik, Miah"]
[Black "Tiwari, Arjun"]
[Result "0-1"]
[WhiteElo "2011"]
[BlackElo "2179"]
[WhiteFideId "10213660"]
[BlackFideId "5011337"]
[EventDate "2015.01.09"]

1. e4 c5 2. Nf3 d6 3. d4 cxd4 4. Nxd4 Nf6 5. Nc3 g6 6. Bd3 Bg7 7. O-O O-O 8. h3
Nc6 9. Be3 Ng4 10. Nxc6 Nxe3 11. Nxe7+ Qxe7 12. fxe3 Bxc3 13. bxc3 Be6 14. Qe2
Rac8 15. c4 Rc7 16. Rf3 Rfc8 17. Raf1 Rc6 18. Qf2 Rc5 19. Rf6 R8c7 20. a3 Kg7
21. Qf4 Re5 22. Kh2 h6 23. g4 Bf5 24. Rxf5 gxf5 25. gxf5 Qf6 26. Rg1+ Kf8 27.
Qg3 0-1

[Event "13th Parsvnath Open"]
[Site "New Delhi IND"]
[Date "2015.01.12"]
[Round "5.61"]
[White "Patil, Pratik"]
[Black "Nyland, Thomas"]
[Result "1-0"]
[WhiteElo "2139"]
[BlackElo "2013"]
[WhiteFideId "5038758"]
[BlackFideId "1504428"]
[EventDate "2015.01.09"]

1. e4 e5 2. Nf3 Nc6 3. Bb5 Nf6 4. d3 Bc5 5. c3 O-O 6. O-O d6 7. h3 a6 8. Bxc6
bxc6 9. Nbd2 Qe7 10. Re1 Bb6 11. Nf1 Nh5 12. Nxe5 Qh4 13. Nf3 Bxf2+ 14. Kh2 Bg3+
15. Kg1 Bf2+ 16. Kh2 Qf6 17. Re2 Bb6 18. Bg5 Qg6 19. Qd2 h6 20. Be3 d5 21. Bxb6
cxb6 22. g4 dxe4 23. dxe4 Nf6 24. Ne5 Qh7 25. Nxc6 Nxe4 26. Qd5 Ng5 27. Ne7+ Kh8
28. Qxa8 Rd8 29. Re3 1-0

[Event "13th Parsvnath Open"]
[Site "New Delhi IND"]
[Date "2015.01.12"]
[Round "5.62"]
[White "Abdul, Khaliq Wais"]
[Black "Iniyan, P"]
[Result "0-1"]
[WhiteElo "2010"]
[BlackElo "2131"]
[WhiteFideId "11700467"]
[BlackFideId "25002767"]
[EventDate "2015.01.09"]

1. d4 Nf6 2. c4 g6 3. Nc3 Bg7 4. e4 d6 5. Bd3 O-O 6. Nge2 e5 7. d5 Nbd7 8. Be3
Ng4 9. Bd2 Nc5 10. Bc2 Qh4 11. Ng3 f5 12. Qe2 f4 13. Nf1 Bd7 14. h3 Bh6 15. Rg1
Nf6 16. Nh2 g5 17. O-O-O g4 18. Nxg4 Bxg4 19. hxg4 Qxg4 20. f3 Qg6 21. Rh1 Nh5
22. Qf2 Bg5 23. Rh3 Ng3 24. Ne2 Nxe2+ 25. Qxe2 Kf7 26. g3 fxg3 27. f4 Bxf4 28.
Bxf4 exf4 29. e5 Qg5 30. Rxh7+ Kg8 31. Qf3 dxe5 32. Rh5 Qg7 33. Bh7+ Kf7 34. d6
c6 35. b4 Nd7 36. b5 Rac8 37. Rf5+ Ke6 38. Rxf8 Qxf8 39. Be4 c5 40. Bd3 0-1

[Event "13th Parsvnath Open"]
[Site "New Delhi IND"]
[Date "2015.01.12"]
[Round "6.1"]
[White "Mozharov, Mikhail"]
[Black "Deepan, Chakkravarthy J."]
[Result "1-0"]
[WhiteTitle "GM"]
[BlackTitle "GM"]
[WhiteElo "2557"]
[BlackElo "2484"]
[WhiteFideId "4189825"]
[BlackFideId "5011132"]
[EventDate "2015.01.09"]

1. e4 g6 2. d4 Bg7 3. Nc3 d6 4. Nf3 Nf6 5. h3 O-O 6. Be3 a6 7. a4 a5 8. Be2 c6
9. O-O Na6 10. Nd2 Nd7 11. f4 e6 12. Nf3 Nc7 13. e5 d5 14. Bd3 b6 15. Ne2 Ba6
16. g4 f6 17. Bxa6 Rxa6 18. exf6 Bxf6 19. Ng3 Ne8 20. Qd3 Ra7 21. Rae1 Ng7 22.
b3 Bh4 23. Nxh4 Qxh4 24. Kg2 Qd8 25. f5 exf5 26. gxf5 Nxf5 27. Nxf5 Rxf5 28.
Rxf5 gxf5 29. Qxf5 Nf8 30. Bh6 Re7 31. Qg4+ 1-0

[Event "13th Parsvnath Open"]
[Site "New Delhi IND"]
[Date "2015.01.12"]
[Round "6.2"]
[White "Kulkarni, Vikramaditya"]
[Black "Baryshpolets, Andrey"]
[Result "0-1"]
[WhiteTitle "IM"]
[BlackTitle "GM"]
[WhiteElo "2354"]
[BlackElo "2541"]
[WhiteFideId "5009847"]
[BlackFideId "14117207"]
[EventDate "2015.01.09"]

1. Nf3 d5 2. d4 Nf6 3. c4 e6 4. Nc3 c6 5. e3 Nbd7 6. Qc2 Bd6 7. e4 dxe4 8. Ng5
e5 9. Ngxe4 Nxe4 10. Nxe4 Bb4+ 11. Bd2 Bxd2+ 12. Qxd2 O-O 13. O-O-O Nf6 14. dxe5
Qxd2+ 15. Nxd2 Ng4 16. Ne4 Nxe5 17. Be2 Rb8 18. Nd6 Rd8 19. f4 Ng6 20. Bh5 Kf8
21. g3 Ne7 22. Rhe1 Be6 23. Bf3 g6 24. g4 b6 25. b3 Rd7 26. Ne4 Rxd1+ 27. Rxd1
h6 28. Rd6 Rc8 29. Ng3 Rc7 30. f5 gxf5 31. Nxf5 Nxf5 32. gxf5 Ke7 33. Rxc6 Rxc6
34. Bxc6 Bxf5 35. Kd2 Be6 36. Kd3 Kd6 37. Bb7 Ke5 38. b4 b5 39. cxb5 Bxa2 40.
Bc6 Bd5 41. Ke3 f5 42. Kd3 Be4+ 43. Ke3 f4+ 44. Ke2 Kd4 45. Kf2 Bd3 46. Kf3 Kc4
47. Kxf4 Kxb4 48. h4 Bxb5 49. Be4 a5 50. h5 a4 51. Bb1 a3 52. Kf5 Be8 0-1

[Event "13th Parsvnath Open"]
[Site "New Delhi IND"]
[Date "2015.01.12"]
[Round "6.3"]
[White "Nguyen, Van Huy"]
[Black "Gupta, Abhijeet"]
[Result "1-0"]
[WhiteTitle "IM"]
[BlackTitle "GM"]
[WhiteElo "2445"]
[BlackElo "2631"]
[WhiteFideId "12401064"]
[BlackFideId "5010608"]
[EventDate "2015.01.09"]

1. d4 Nf6 2. Nf3 e6 3. c4 c5 4. e3 d5 5. Nc3 a6 6. a3 dxc4 7. Bxc4 b5 8. Ba2 Bb7
9. O-O Nbd7 10. Qe2 Qb8 11. Rd1 Bd6 12. h3 O-O 13. dxc5 Bxc5 14. b4 Be7 15. Bb2
Rc8 16. Rac1 Nb6 17. Nb1 Rxc1 18. Rxc1 h6 19. Nbd2 Qd8 20. Bd4 Rc8 21. Rxc8 Bxc8
22. Qd3 Bb7 23. Bb1 Nbd7 24. Bc2 Qc8 25. Qc3 Qa8 26. e4 Bf8 27. Qc7 Bc6 28. Bc3
Ne8 29. Qf4 Qc8 30. Qe3 Bb7 31. Qd3 Qc7 32. Bb2 Bd6 33. Qc3 Qb8 34. Qd4 Qc8 35.
Bb1 Bc7 36. Qc3 Qb8 37. Nf1 Bb6 38. Qd3 Nf8 39. Be5 Qc8 40. Qc2 Qa8 41. Bd4 Bc7
42. Ne5 Qd8 43. Bb2 Nf6 44. Qe2 Bb6 45. Ng3 Qc7 46. Kh1 Ba7 47. Nd3 N8d7 48. e5
Nd5 49. Ne4 Ba8 50. Nd6 Nf8 51. Qh5 Ng6 52. Qg4 Qc6 53. h4 Nc3 54. h5 Nxb1 55.
hxg6 f5 56. Qg3 Nd2 57. Nf4 Ne4 58. Nxe4 fxe4 59. Qh4 Qd7 60. Kh2 Bb6 61. Nh5
Qe8 62. Nf6+ gxf6 63. Qxh6 Qd7 64. exf6 Bc7+ 65. g3 1-0

[Event "13th Parsvnath Open"]
[Site "New Delhi IND"]
[Date "2015.01.12"]
[Round "6.4"]
[White "Neelotpal, Das"]
[Black "Popov, Ivan RUS"]
[Result "0-1"]
[WhiteTitle "GM"]
[BlackTitle "GM"]
[WhiteElo "2437"]
[BlackElo "2622"]
[WhiteFideId "5003512"]
[BlackFideId "4170350"]
[EventDate "2015.01.09"]

1. d4 Nf6 2. c4 g6 3. Nc3 d5 4. e3 Bg7 5. Qb3 e6 6. Qa3 Nc6 7. Nf3 Ne7 8. Bd3
O-O 9. O-O Nf5 10. Rd1 Nd6 11. b3 b6 12. Bb2 Bb7 13. Nd2 Nfe4 14. Ndxe4 dxe4 15.
Bf1 f5 16. c5 Nf7 17. Rac1 Bd5 18. Qa6 Bh6 19. Rc2 f4 20. exf4 Bxf4 21. Bc1 Bxc1
22. Rcxc1 Ng5 23. Qe2 Rf4 24. Qe3 Qf6 25. Ne2 Rh4 26. cxb6 c6 27. bxa7 Rxa7 28.
Nc3 Rf7 29. Rc2 Rg4 30. h3 Nf3+ 31. Kh1 Qh4 32. g3 Qh5 33. Nxd5 exd5 34. Qe2 Qf5
35. Rc3 Rg5 36. h4 Rg4 37. Bg2 h5 38. Bxf3 exf3 39. Qf1 Re7 40. Rxc6 Kh7 41. Kg1
Rxh4 42. Rdc1 Kh6 43. Rc8 Rhe4 44. R8c7 h4 45. Rxe7 Rxe7 46. Rc3 Re2 47. Kh2 Qg4
48. gxh4 Qxh4+ 49. Kg1 Re1 0-1

[Event "13th Parsvnath Open"]
[Site "New Delhi IND"]
[Date "2015.01.12"]
[Round "6.5"]
[White "Demchenko, Anton"]
[Black "Himanshu, Sharma"]
[Result "1-0"]
[WhiteTitle "GM"]
[BlackTitle "IM"]
[WhiteElo "2611"]
[BlackElo "2427"]
[WhiteFideId "4160258"]
[BlackFideId "5007836"]
[EventDate "2015.01.09"]

1. e4 c5 2. Nf3 e6 3. d4 cxd4 4. Nxd4 Nc6 5. Nc3 Qc7 6. Be3 a6 7. Be2 Nf6 8. O-O
Be7 9. f4 d6 10. Kh1 O-O 11. Qe1 Nxd4 12. Bxd4 b5 13. e5 Nd7 14. exd6 Bxd6 15.
Qg3 g6 16. Ne4 Be7 17. Ng5 Bxg5 18. Qxg5 f6 19. Qg3 Bb7 20. Bd3 Rf7 21. Rae1 Qd6
22. Qe3 Raf8 23. Be4 Bxe4 24. Qxe4 Rc8 25. c3 Nf8 26. Kg1 Qc6 27. Qxc6 Rxc6 28.
Ra1 Nd7 29. a4 e5 30. axb5 axb5 31. fxe5 fxe5 32. Ra8+ Kg7 33. Ra7 Rcf6 34. Rxf6
Nxf6 35. Rxf7+ Kxf7 36. Bxe5 Ne4 37. Bd4 Ke6 38. Kf1 Nd2+ 39. Ke2 Nc4 40. b3 Na5
41. b4 Nc4 42. Kf3 Nd2+ 43. Kf4 h5 44. h3 Nc4 45. Bc5 Na3 46. Ke4 Nc4 47. Bg1
Na3 48. Bf2 Nc2 49. Bg3 Na3 50. Bf4 Nc2 51. g3 Na3 52. Kd4 Kf5 53. Bc1 Nc2+ 54.
Kd3 Ne1+ 55. Ke2 Nc2 56. Kd1 Na1 57. Bb2 Ke6 1-0

[Event "13th Parsvnath Open"]
[Site "New Delhi IND"]
[Date "2015.01.12"]
[Round "6.6"]
[White "Krishna, C.R.G."]
[Black "David, Alberto"]
[Result "1/2-1/2"]
[BlackTitle "GM"]
[WhiteElo "2350"]
[BlackElo "2572"]
[WhiteFideId "5018625"]
[BlackFideId "4000013"]
[EventDate "2015.01.09"]

1. d4 Nf6 2. Nf3 b6 3. e3 Bb7 4. Bd3 e6 5. O-O Be7 6. c4 O-O 7. Nc3 d5 8. b3 c5
9. Bb2 cxd4 10. Nxd4 dxc4 11. Bxc4 a6 12. Be2 Nc6 13. Bf3 Qe8 14. Nxc6 Bxc6 15.
Qe2 Qd7 16. Rfd1 Qb7 17. Bxc6 Qxc6 18. Rac1 Qb7 19. Na4 Rac8 20. Bd4 b5 21. Nc5 1/2-1/2

[Event "13th Parsvnath Open"]
[Site "New Delhi IND"]
[Date "2015.01.12"]
[Round "6.7"]
[White "Cruz, Cristhian"]
[Black "Nishant, Malhotra"]
[Result "1-0"]
[WhiteTitle "GM"]
[WhiteElo "2546"]
[BlackElo "2167"]
[WhiteFideId "3801969"]
[BlackFideId "5099129"]
[EventDate "2015.01.09"]

1. d4 d5 2. c4 c6 3. Nf3 Nf6 4. Nc3 dxc4 5. a4 e6 6. e3 c5 7. Bxc4 cxd4 8. exd4
Nc6 9. O-O Be7 10. Bg5 O-O 11. Qd2 Nd5 12. Nxd5 exd5 13. Bxe7 Nxe7 14. Ba2 Nc6
15. Rfe1 Be6 16. Re3 Rc8 17. Rae1 Qf6 18. h3 h6 19. b4 Rfd8 20. b5 Ne7 21. Bb1
Nf5 22. Bxf5 Bxf5 23. Ne5 Qd6 24. Rf3 Be6 25. Rg3 Kh7 26. Qd3+ Kg8 27. f4 a6 28.
f5 Bd7 29. f6 Be6 1-0

[Event "13th Parsvnath Open"]
[Site "New Delhi IND"]
[Date "2015.01.12"]
[Round "6.8"]
[White "Shivananda, B.S."]
[Black "Narayanan, Srinath"]
[Result "0-1"]
[WhiteTitle "IM"]
[BlackTitle "IM"]
[WhiteElo "2305"]
[BlackElo "2477"]
[WhiteFideId "5007038"]
[BlackFideId "5018420"]
[EventDate "2015.01.09"]

1. f4 d5 2. Nf3 g6 3. g3 Bg7 4. Bg2 c5 5. d3 Nc6 6. O-O Nf6 7. Qe1 O-O 8. Na3 b6
9. c3 Ba6 10. h3 Re8 11. Qf2 Rc8 12. Nc2 e5 13. fxe5 Nxe5 14. Bg5 h6 15. Bxf6
Qxf6 16. Ne3 Bb7 17. Nxe5 Qxf2+ 18. Kxf2 Rxe5 19. Rae1 Rce8 20. Nc2 h5 21. d4
R5e7 22. Bf3 Ba6 23. Rg1 Bh6 24. Rg2 Bc4 25. b3 Ba6 26. Kf1 Bd2 27. Rd1 Bxc3 28.
dxc5 bxc5 29. Rxd5 Re5 30. Rxe5 Rxe5 31. g4 h4 32. Kf2 c4 33. b4 Bb5 34. g5 Bd7
35. Bg4 Ba4 36. Na3 Bd4+ 37. Ke1 c3 38. e3 Rxe3+ 39. Kf1 Rg3 0-1

[Event "13th Parsvnath Open"]
[Site "New Delhi IND"]
[Date "2015.01.12"]
[Round "6.9"]
[White "Saptarshi, Roy"]
[Black "Ramnath Bhuvanesh, R"]
[Result "1/2-1/2"]
[WhiteTitle "IM"]
[BlackTitle "IM"]
[WhiteElo "2448"]
[BlackElo "2405"]
[WhiteFideId "5008980"]
[BlackFideId "5026598"]
[EventDate "2015.01.09"]

1. d4 Nf6 2. Nf3 g6 3. Nbd2 d5 4. b4 Bg7 5. e3 O-O 6. Bb2 Bf5 7. Be2 Ne4 8. O-O
Nd7 9. Nxe4 Bxe4 10. Nd2 Bf5 11. c4 e5 12. c5 exd4 13. exd4 Re8 14. Nb3 Nf6 15.
b5 h5 16. Bd3 Qc8 17. Qc2 Bxd3 18. Qxd3 Qe6 19. Na5 Qe2 20. Qb3 b6 21. cxb6 axb6
22. Nc6 Ne4 23. Bc1 Nd6 24. Qxd5 Qxb5 25. Qxb5 Nxb5 26. Be3 Ra4 27. Rfc1 Nxd4
28. Nxd4 Bxd4 29. Bxd4 Rxd4 30. Rxc7 Re2 31. a3 Rdd2 32. Rf1 Rd3 33. a4 Rd4 34.
Rb7 Rb4 35. g3 Ra2 36. Kg2 Kg7 37. h4 Raxa4 38. Rc1 Ra5 39. Rc6 Rab5 40. f4 Rb2+
41. Kh3 Rb1 42. Rcc7 Rf5 43. Rd7 Rb2 44. Rdc7 b5 45. Rd7 Kg8 46. Rd8+ Kg7 47.
Rdd7 Rb1 48. Kg2 Rf6 49. Rdc7 Rb3 50. Rd7 Rf5 51. Rdc7 Rb2+ 52. Kh3 Rf6 53. Rd7
Rb1 54. Kg2 b4 55. Rdc7 Rb2+ 56. Kh3 Rb1 57. Rc4 b3 58. Rcb4 Rd6 59. Rxb3 Rxb3
60. Rxb3 1/2-1/2

[Event "13th Parsvnath Open"]
[Site "New Delhi IND"]
[Date "2015.01.12"]
[Round "6.10"]
[White "Evdokimov, Alexander A."]
[Black "Nitin, S."]
[Result "0-1"]
[WhiteTitle "GM"]
[BlackTitle "IM"]
[WhiteElo "2538"]
[BlackElo "2355"]
[WhiteFideId "4139275"]
[BlackFideId "5018277"]
[EventDate "2015.01.09"]

1. d4 Nf6 2. c4 g6 3. Nc3 Bg7 4. e4 d6 5. Nf3 O-O 6. h3 e5 7. d5 a5 8. g4 Na6 9.
Be3 Nc5 10. Nd2 c6 11. Be2 Nfd7 12. Rg1 a4 13. a3 h6 14. Qc2 Qa5 15. h4 cxd5 16.
exd5 e4 17. O-O-O Bxc3 18. bxc3 Ra6 19. Kb2 Rb6+ 20. Ka2 Rb3 21. Bd4 Re8 22. Rb1
b5 23. cxb5 Bb7 24. c4 e3 25. fxe3 Rexe3 26. Bxe3 Rxe3 27. Rge1 Nb3 28. Nf3 Ndc5
29. h5 g5 30. Rbd1 Ne4 31. Kb2 Qd8 32. Bd3 Qf6+ 33. Ka2 Nc3+ 34. Qxc3 Qxc3 35.
Rxe3 Kg7 36. Ng1 Nc5 37. Kb1 Qxa3 38. Kc2 Qa2+ 39. Kc3 a3 40. Bc2 Qb2+ 41. Kd2
a2 42. Rf1 Qd4+ 43. Ke2 Qxc4+ 44. Bd3 Nxd3 45. Rxd3 Bxd5 0-1

[Event "13th Parsvnath Open"]
[Site "New Delhi IND"]
[Date "2015.01.12"]
[Round "6.11"]
[White "Visakh, NR"]
[Black "Grover, Sahaj"]
[Result "0-1"]
[BlackTitle "GM"]
[WhiteElo "2346"]
[BlackElo "2528"]
[WhiteFideId "25012223"]
[BlackFideId "5021103"]
[EventDate "2015.01.09"]

1. d4 Nf6 2. Nf3 e6 3. c4 c5 4. e3 d5 5. dxc5 Bxc5 6. a3 a6 7. b4 Ba7 8. Bb2 Nc6
9. Nbd2 O-O 10. Be2 d4 11. exd4 Nxd4 12. Nxd4 Bxd4 13. Bxd4 Qxd4 14. O-O e5 15.
Nb3 Qh4 16. Qd6 Re8 17. Nc5 Qg5 18. Rfe1 Bf5 19. Bf1 Rad8 20. Qc7 Ng4 21. Ra2 e4
22. Qg3 h5 23. h4 Qe7 24. f3 Nf6 25. Rae2 b6 26. Nxe4 Bxe4 27. fxe4 Ng4 28. e5
a5 29. Rb2 axb4 30. axb4 Rd4 31. e6 f5 32. Qc3 Qxh4 33. g3 Qf6 34. Rd2 Rxd2 35.
Qxd2 Rxe6 36. Rxe6 Qxe6 37. c5 bxc5 38. bxc5 Qe5 39. c6 Qc5+ 40. Kh1 Qxc6+ 41.
Bg2 Qf6 42. Bf3 Kh7 43. Kg2 Qe5 44. Kh3 Nf6 45. Qg5 g6 46. Qc1 Ne4 47. Bxe4 fxe4
48. Kg2 e3 49. Qc4 e2 50. Qf7+ Kh6 51. Qf8+ Kh7 52. Qf7+ Kh6 53. Qf8+ Kg5 54.
Qd8+ Kf5 55. Qc8+ Ke4 56. Qc4+ Ke3 57. Qb3+ Kd2 58. Qa2+ Kd3 59. Qa6+ Kd4 60.
Qa4+ Kc5 61. Qa5+ Kd6 62. Qd8+ Ke6 63. Qe8+ Kf6 64. Qf8+ Ke6 65. Qe8+ Kf5 66.
Qf8+ Ke4 67. Qb4+ Qd4 68. Qb1+ Ke5 69. Qb8+ Ke4 70. Qb1+ Ke3 71. Qg1+ Kd3 72.
Qb1+ Kd2 73. Qa2+ Ke3 74. Qb3+ Kd2 75. Qa2+ Kd3 76. Qb1+ Kc3 77. Qa1+ Kd3 78.
Qb1+ Ke3 79. Qb3+ Ke4 80. Qe6+ Kd3 81. Qb3+ Qc3 82. Qd5+ Kc2 83. Qe4+ Kd2 84.
Qf4+ Kd3 85. Qd6+ Ke3 86. Qf4+ Kd3 87. Qd6+ Qd4 88. Qxg6+ Qe4+ 89. Qxe4+ Kxe4
90. Kf2 Kd3 91. Ke1 Ke3 92. g4 h4 0-1

[Event "13th Parsvnath Open"]
[Site "New Delhi IND"]
[Date "2015.01.12"]
[Round "6.12"]
[White "Vignesh, NR"]
[Black "Rombaldoni, Axel"]
[Result "1/2-1/2"]
[BlackTitle "GM"]
[WhiteElo "2340"]
[BlackElo "2509"]
[WhiteFideId "25012215"]
[BlackFideId "815837"]
[EventDate "2015.01.09"]

1. e4 c5 2. Nf3 e6 3. d4 cxd4 4. Nxd4 a6 5. Bd3 Bc5 6. Nb3 Ba7 7. O-O d6 8. Qe2
Nc6 9. Be3 Nf6 10. c4 O-O 11. Nc3 Bxe3 12. Qxe3 Ne5 13. Rfd1 Nfg4 14. Qe2 Qc7
15. h3 Nf6 16. f4 Ng6 17. Qe3 b6 18. Rd2 Bb7 19. Rad1 Rad8 20. Be2 Rfe8 21. Bf3
Nh4 22. Be2 d5 23. cxd5 exd5 24. Qg3 Ng6 25. e5 Ne4 26. Nxe4 dxe4 27. Rd6 Rxd6
28. exd6 Qc2 29. Bh5 e3 30. Re1 Nxf4 31. Bxf7+ Kxf7 32. Qxf4+ Kg8 33. Qg3 Qc6
34. Rc1 Qe4 35. Re1 Bc6 36. Qg4 Qxg4 37. hxg4 Re4 38. Rd1 Rxg4 39. Nd4 Rxg2+ 40.
Kf1 Rf2+ 41. Ke1 Bd7 42. Rd3 Rf6 43. Nc2 e2 44. Rd5 Bb5 45. Kd2 Rf1 46. Ne1 Rf8
47. b3 Kf7 48. Rf5+ Kg8 49. Rd5 Kf7 50. Rf5+ Ke8 51. Re5+ Kd7 52. Re7+ Kxd6 53.
Rxg7 a5 54. a4 Ba6 55. Ra7 Rd8 56. Rxh7 Ke5+ 57. Ke3 Rd1 58. Kf2 Kd4 59. Ra7 Bd3
60. Rc7 Be4 61. Rc4+ Ke5 62. Kxe2 Rb1 63. Rc3 Bd5 64. Nf3+ Bxf3+ 65. Rxf3 Kd4
66. Kd2 Rb2+ 67. Kc1 Rg2 68. Rf6 Kc3 69. Rc6+ Kxb3 70. Rxb6+ Kxa4 71. Rh6 Kb3
72. Rh3+ Ka2 73. Rh4 Rg1+ 74. Kc2 Rg2+ 75. Kc1 Rg5 76. Rh8 Rc5+ 77. Kd2 a4 78.
Rb8 Rc4 79. Rb7 a3 80. Rb8 Rh4 81. Kc2 Rh2+ 82. Kc1 Rb2 83. Ra8 Rb4 84. Kc2 Rc4+
85. Kd2 Rb4 86. Kc2 Rb2+ 87. Kc1 Rf2 88. Ra7 Kb3 89. Rb7+ Kc3 90. Rc7+ Kb3 91.
Rb7+ Ka2 92. Ra7 Rf3 93. Kc2 Rb3 94. Ra8 Rb7 95. Ra6 Rc7+ 96. Kd2 Kb3 97. Rb6+
Ka4 98. Ra6+ Kb4 99. Rb6+ Ka5 100. Rb8 Rc6 101. Ra8+ Kb4 102. Rb8+ Ka4 103. Ra8+
Kb3 104. Rb8+ Ka2 105. Rb7 Rc8 106. Rb6 Rg8 107. Rb7 Rh8 108. Kc2 Rg8 109. Kc1
Rg3 110. Kc2 Rg2+ 111. Kc1 Rb2 112. Ra7 Rb8 113. Kc2 Rc8+ 114. Kd2 Rc6 115. Ra8
Rc7 116. Rb8 Rc6 1/2-1/2

[Event "13th Parsvnath Open"]
[Site "New Delhi IND"]
[Date "2015.01.12"]
[Round "6.13"]
[White "Rahman, Ziaur"]
[Black "Ravi, Teja S."]
[Result "1/2-1/2"]
[WhiteTitle "GM"]
[WhiteElo "2507"]
[BlackElo "2338"]
[WhiteFideId "10200037"]
[BlackFideId "5017220"]
[EventDate "2015.01.09"]

1. b3 Nf6 2. Bb2 d5 3. e3 c6 4. f4 Bg4 5. Be2 Bxe2 6. Qxe2 Nbd7 7. g4 Qc7 8. g5
Ne4 9. d3 Nd6 10. Nd2 O-O-O 11. Ngf3 Re8 12. c4 e6 13. Ne5 Nxe5 14. fxe5 Nf5 15.
e4 dxe4 16. dxe4 Nh4 17. Qf2 Ng6 18. Qxa7 Nxe5 19. Qa8+ Kd7 20. Bxe5 Rxa8 21.
Bxc7 Kxc7 22. Rf1 f6 23. gxf6 gxf6 24. Rxf6 Bb4 25. Rf7+ Kb6 26. c5+ Ka6 27.
O-O-O Raf8 28. Rdf1 Bxc5 29. Rxf8 Rxf8 30. Rxf8 Bxf8 31. Nf3 c5 32. Kc2 h6 33.
Kd3 Kb5 34. a3 Kc6 35. Ne5+ Kd6 36. Ng6 Bg7 37. a4 Bf6 38. Kc4 e5 39. Kb5 Bd8
40. Nh8 Ke6 41. Kxc5 Kf6 42. Kd6 Bb6 43. Kd7 Bg1 44. h3 Kg7 45. Ke6 Kxh8 46.
Kxe5 Kg7 47. Ke6 Kg6 48. Kd6 Kf7 49. b4 b6 50. e5 Bd4 51. a5 bxa5 52. bxa5 Ke8
53. Kd5 Bf2 54. Ke6 h5 55. a6 h4 56. Kf6 Be3 57. Kf5 Ke7 58. Kg4 Bf2 1/2-1/2